| 000 | 00717 a2200157 4500 | ||
|---|---|---|---|
| 003 | Nust | ||
| 005 | 20170207154215.0 | ||
| 040 | _cNust | ||
| 082 | _a378.4 | ||
| 245 |
_aUni of East Anglia Norwich _bUni of East Anglia Norwich |
||
| 260 |
_aNorwich _bUni of East Anglia Norwich _c2001 |
||
| 300 | _a148 p. | ||
| 505 | _aChoosing UEA (Page-4) Norwich and the Region (Page-6) Learning at UEA(Page-13) Teaching and Research (Page-16) International Students (Page-33) Applying to UEA (Page-36) Degree Programmes at UEA (Page-40) Links with other Colleges (Page-132) Find out More (Page-137) How to Get to UEA (Page-138) Table of Degree Programmes (Page-142) | ||
| 538 | _aAlmirah No. 117 Shelf No. 2 | ||
| 650 | _aUG Prospectus | ||
| 942 |
_2ddc _cBK |
||
| 999 |
_c195048 _d195048 |
||